000 00321nam a2200109Ia 4500
001 589018
005 20250717120841.0
008 250717s9999 xx 000 0 und d
245 0 _aU-11 PEYGAMBERİMİZ HAZRETİ MUHAMMEDİN HAYATI
_cAMİNE KEVSER KARACA
260 _bTÜRKİYE DİYANET VAKFI YAYINLARI
_c2020
300 _b32
999 _c589018
_d589018